Movies Quiz

Random Movies Quiz

Hogwarts Professors Quiz Stats

 Plays Quiz not verified by Sporcle

Challenge
Share
Tweet
Embed
Score 0/28 Timer 10:00
0 Plays Today
Subject Professor % Correct
PotionsSeverus Snape
97.5%
D.A.D.ASeverus Snape
97.5%
HeadmasterSeverus Snape
97.5%
Care of Magical CreaturesRubeus Hagrid
92.5%
D.A.D.AGilderoy Lockhart
92.5%
TransfigureationMinerva McGonagall
92.5%
HeadmasterAlbus Dumbledore
92.5%
Divination Sybill Trelawney
87.5%
CharmsFilius Flitwick
87.5%
Flying Rolanda Hooch
87.5%
D.A.D.ARemus Lupin
87.5%
D.A.D.AAlastor Moody
87.5%
D.A.D.ADolores Umbridge
87.5%
D.A.D.AQuirinus Quirrell
85%
Subject Professor % Correct
HerbologyPomona Sprout
82.5%
History of MagicCuthbert Binns
77.5%
PotionsHorace Slughorn
77.5%
CaretakerArgus Filch
75%
DivinationFirenze
72.5%
Librarian Irma Pince
70%
Muggle StudiesAlecto Carrow
67.5%
D.A.D.AAmycus Carrow
67.5%
Muggle StudiesCharity Burbage
62.5%
MatronPoppy Pomfrey
62.5%
Care of Magical CreaturesWilhelmina Grubbly-Plank
60%
AstronomyAurora Sinistra
57.5%
ArithmancySeptima Vector
57.5%
Ancient RunesBathsheda Babbling
30%

You're not logged in!

Compare scores with friends on all Sporcle quizzes.
Join for Free
OR
Log In

You Might Also Like...

Show Comments

Extras

Created Dec 30, 2014ReportNominate
Tags:professor, subject

Top Quizzes Today


Score Distribution

Your Account Isn't Verified!

In order to create a playlist on Sporcle, you need to verify the email address you used during registration. Go to your Sporcle Settings to finish the process.

Report this User

Report this user for behavior that violates our Community Guidelines.

Details: